000
00253nam a2200109Ia 4500
008
151213s9999 xx 000 0 und d
245
_a
A Basic English Crammer with Exercise
300
_a
2402 p.
650
_a
English
650
_a
English
999
_c
1678
_d
1678